Bilecik Bilecik Bilecik Bilecik Bilecik

Tabakâtü'l-ümem (milletlerin bilim tarihi)/ (Record no. 48444)

MARC details
000 -BAŞLIK
Sabit Uzunluktaki Kontrol Alanı 01202nam a22003497a 4500
001 - KONTROL NUMARASI
Control Dosyası 0048605
003 - KONTROL NUMARASI KİMLİĞİ
Kontrol Alanı KOHA_MİRAKIL
005 - EN SON İŞLEM TARİHİ ve ZAMANI
Kontrol Alanı 20260207003622.0
007 - FİZİKSEL TANIM SABİT ALAN - GENEL BİLGİ
Sabit uzunluklu kontrol alanı ta
008 - SABİT UZUNLUKTAKİ VERİ ÖGELERİ - GENEL BİLGİ
Sabit Alan 150608b2014 tu |||gr||||#||||0|tur |
020 ## - ISBN - ULUSLARARASI STANDART KİTAP NUMARASI
Isbn 9789751737441
040 ## - KATALOGLAMA KAYNAĞI
Özgün Kataloglama Kurumu TR-BiSEU
Kataloglama Dili tur
Çeviri Kurumu TR-BiSEU
Açıklama Kuralları rda
041 0# - DİL KODU
Metin ya da ses kaydının dil kodu tur
044 ## - YAYINLAYAN/ÜRETEN KURULUŞUN ÜLKE KODU
ISO country code tu
050 ## - SINIFLAMA ve YER NUMARASI
Sınıflama Numarası Q125
Yer Numarası .S25 2014
100 0# - KİŞİ ADI
Yazar Adı (Kişi adı) Said El- Endelüsi.
245 1# - ESER ADI BİLDİRİMİ
Başlık Tabakâtü'l-ümem (milletlerin bilim tarihi)/
Sorumluluk Bildirimi Said El- Endelüsi ; Said El- Endelüsi ; çeviri Ramazan Şeşen..
250 ## - BASIM BİLDİRİMİ
Basım Bildirimi 1. baskı
264 #1 - ÜRERİM, YAYIN, DAĞITIM ve TELİF BİLDİRİMİ
Yayın yeri İstanbul :
Yayınlayan Tarih ve Yazma Eserler Kurumu Başkanlığı Yayınları
Yayın tarihi 2014
300 ## - FİZİKSEL TANIMLAMA
Sayfa, Cilt vb. 253 sayfa ;
Boyutları 20 cm
336 ## - İÇERİK TÜRÜ
Content type term metin
Content type code txt
Source rdacontent
337 ## - MEDYA TÜRÜ
Media type term aracısız
Media type code n
Source rdamedia
338 ## - TAŞIYICI TÜRÜ
Carrier type term cilt
Carrier type code nc
Source rdacarrier
490 1# - DİZİ BİLDİRİMİ
Dizi Bildirimi Tarih ve Yazma Eserler Kurumu Başkanlığı yayınları ;
Cilt Numarası 42.
490 1# - DİZİ BİLDİRİMİ
Dizi Bildirimi Tarih ve Toplum Bilimleri serisi ;
Cilt Numarası 3
500 ## - GENEL NOT
Genel Not Dizin var.
650 #0 - KONU BAŞLIĞI EK GİRİŞ - KONU TERİMİ
Konusal terim veya coğrafi ad Science--History.
9 (RLIN) 16831
650 #0 - KONU BAŞLIĞI EK GİRİŞ - KONU TERİMİ
Konusal terim veya coğrafi ad Bilim--Tarih.
9 (RLIN) 23245
830 1# - SERİ EK GİRİŞİ - TEKBİÇİM ESER ADI
Tekbiçim Başlık Tarih ve Yazma Eserler Kurumu Başkanlığı yayınları ;
Volume number/sequential designation 42.
9 (RLIN) 89198
830 1# - SERİ EK GİRİŞİ - TEKBİÇİM ESER ADI
Tekbiçim Başlık Tarih ve Toplum Bilimleri serisi ;
Volume number/sequential designation 3
9 (RLIN) 89190
856 40 - ELEKTRONİK YER ve ERİŞİM
Kaynak Tanımlayıcı (URL) <a href="http://www.ekitap.yek.gov.tr/Home/Show2?BOOK_NO=42">http://www.ekitap.yek.gov.tr/Home/Show2?BOOK_NO=42</a>
942 ## - EK GİRİŞ ÖGELERİ (KOHA)
Source of classification or shelving scheme Library of Congress Classification
Koha item type Book
Holdings
Materyal Türü Kalıcı Konum Mevcut Konum Raf Yeri Sınıflandırma Kaynağı Edinim Bilgisi Ana Konular Alt Konular Yer Numarası Demirbaş Numarası Fatura Tarihi Geri Çekilme Durumu Kayıp Durumu Hasarlı Durumu Kredi için değil Kayıt Tarih Toplam Ödünçverme Son Görülme Tarihi Son Kontrol Tarihi Genel / Bağış Notu
Book Prof. Dr. Azmi Özcan Kütüphanesi Prof. Dr. Azmi Özcan Kütüphanesi Birûni Salonu Library of Congress Classification Bağış BİLİM Bilim (Genel) Q125 .S25 2014 0048605 02/02/2026         08/06/2015 2 05/12/2024 05/12/2024 Türkiye Yazma Eserler Kurumu Başkanlığı